03314cam a22004577i 4500999001900000001000900019003000500028005001700033008004100050010001700091020001500108020001800123035002400141038001100165040006100176042001400237050002500251082001500276100003600291245004500327250001900372264003300391300004500424336002600469337002800495338002700523504005300550505012800603520104200731650003201773906004501805942001201850952011601862952011601978952011602094952011602210952011602326952013802442952013802580952013802718 c526949d52694918750807NUST20190720091146.0150819s2016 maua b 001 0 eng d a 2015458056 a0133943038 a9780133943030 a(OCoLC)ocn907941065 aArshad aYDXCPbengerdacYDXCPdOCLCQdHF9dOCLCOdCDXdUABdDLC alccopycat00aQA76.758b.S657 201604a005.1bSOM1 aSommerville, Ian,d1951-91795510aSoftware engineering /cIan Sommerville. aTenth edition. 1aNew Delhi :bPearson,c2017. axiv, 796 pages :billustrations ;c24 cm atextbtxt2rdacontent aunmediatedbn2rdamedia avolumebnc2rdacarrier aIncludes bibliographical references and indexes.0 alntroduction to software engineering -- Dependability and security -- Advanced software engineering -- Software management. aFor courses in computer science and software engineering The Fundamental Practice of Software Engineering Software Engineering introduces readers to the overwhelmingly important subject of software programming and development. In the past few years, computer systems have come to dominate not just our technological growth, but the foundations of our world's major industries. This text seeks to lay out the fundamental concepts of this huge and continually growing subject area in a clear and comprehensive manner. The Tenth Edition contains new information that highlights various technological updates of recent years, providing readers with highly relevant and current information. Sommerville's experience in system dependability and systems engineering guides the text through a traditional plan-based approach that incorporates some novel agile methods. The text strives to teach the innovators of tomorrow how to create software that will make our world a better, safer, and more advanced place to live. -- Provided by publisher. 0aSoftware engineering.92256 a7bcbcccopycatd3encipf20gy-gencatlg 2ddccBK 00102ddc4070aNQCbNQCcCARTd2019-07-18ePurchasedg0.00l0o005.1 SOMpQ-86r2019-07-18t5w2019-07-18yBK 00102ddc4070aNQCbNQCcCARTd2019-07-18ePurchasedg0.00l0o005.1 SOMpQ-87r2019-07-18t6w2019-07-18yBK 00102ddc4070aNQCbNQCcCARTd2019-07-18ePurchasedg0.00l0o005.1 SOMpQ-88r2019-07-18t7w2019-07-18yBK 00102ddc4070aNQCbNQCcCARTd2019-07-18ePurchasedg0.00l0o005.1 SOMpQ-89r2019-07-18t8w2019-07-18yBK 00102ddc4070aNQCbNQCcCARTd2019-07-18ePurchasedg0.00l0o005.1 SOMpQ-90r2019-07-18t9w2019-07-18yBK 00102ddc4070aCLbCLd2020-06-16eAllied Book Companyl2m3o005.1 SOMpCL-365q2026-05-12r2026-01-12s2026-01-12w2020-06-16yBK 00102ddc4070aCLbCLd2020-06-16eAllied Book Companyl4m5o005.1 SOMpCL-366q2025-10-13r2025-09-13s2025-09-13w2020-06-16yBK 00102ddc4070aCLbCLd2020-06-16eAllied Book Companyl1m1o005.1 SOMpCL-367q2026-07-11r2026-03-13s2026-03-13w2020-06-16yBK